عرض عادي
عرض مارك
- Grand strategy
دخول Topical Term
001 - CONTROL NUMBER
- control field: 31013
003 - CONTROL NUMBER IDENTIFIER
- control field: AE-AdECS
005 - DATE AND TIME OF LATEST TRANSACTION
- control field: 20260701070505.0
008 - FIXED-LENGTH DATA ELEMENTS
- fixed length control field: 260701|| aca||aabn | a|a d
040 ## - CATALOGING SOURCE
- Original cataloging agency: AE-AdECS
- Transcribing agency: AE-AdECS
150 ## - HEADING--TOPICAL TERM
- Topical term or geographic name entry element: Grand strategy
670 ## - SOURCE DATA FOUND
- Source citation: Work cat.: (AE-AdECS)295561: Rovner, Joshua, author. 31012, Strategy and grand strategy /
